000 00366nam a2200145Ia 4500
005 20251222144700.0
008 251222s9999||||xx |||||||||||||| ||spa||
020 _a950-808-367-0
082 _a370.114/B69
100 _aBoggino, Norberto
245 0 _aLos Valores y Las Normas Sociales en La Escuela:
250 _a2a.ed.
264 _bHomo Sapiens
942 _cLIB
999 _c17404
_d17404